Take the measure of the space (Record no. 80201)

MARC details
000 -LEADER
fixed length control field 01288cab a22002415a 4500
001 - CONTROL NUMBER
control field L143477
008 - FIXED-LENGTH DATA ELEMENTS--GENERAL INFORMATION
fixed length control field 080514e20080510xxk f 000 0 eng d
035 ## - SYSTEM CONTROL NUMBER
System control number (Sirsi) u143477
041 0# - LANGUAGE CODE
Language code of text/sound track or separate title eng
100 1# - MAIN ENTRY--PERSONAL NAME
Personal name Bonye, Matthew
245 00 - TITLE STATEMENT
Title Take the measure of the space
260 ## - PUBLICATION, DISTRIBUTION, ETC.
Date of publication, distribution, etc. 2008
490 ## - SERIES STATEMENT
Series statement Estates Gazette
Volume/sequential designation (0818) 10 May 2008, 118-120(3)
520 ## - SUMMARY, ETC.
Summary, etc. Looks at issues surrounding internal floor area measurements for the purposes of rent reviews. Argues that it is prudent to measure these areas even in the event that a lease includes an agreed figure. Gives real world examples of cases where the measurement in the lease differs from one found when measured in accordance with RICS measurement codes. Due to freedom of contract, values can be linked to other properties which are comparable, but which are not totally similar. Considers how these issues affect the drafting of leases.
590 ## - LOCAL NOTE (RLIN)
Local note KA
650 24 - SUBJECT ADDED ENTRY--TOPICAL TERM
Topical term or geographic name entry element NATIONAL WESTMINSTER BANK PLC V ARTHUR YOUNG MCLELLAND MOORES AND CO
650 24 - SUBJECT ADDED ENTRY--TOPICAL TERM
Topical term or geographic name entry element ARGOS LTD V WB HEYWOOD LTD
650 24 - SUBJECT ADDED ENTRY--TOPICAL TERM
Topical term or geographic name entry element ARBITRATION ACT 1996
651 #4 - SUBJECT ADDED ENTRY--GEOGRAPHIC NAME
Geographic name United Kingdom
Chronological subdivision
690 ## - LOCAL SUBJECT ADDED ENTRY--TOPICAL TERM (OCLC, RLIN)
Topical term or geographic name as entry element PROPERTY-COMMERCIAL PROPERTY-COMMERCIAL LANDLORD AND TENANT-BUSINESS TENANCIES-RENT REVIEW (BUSINESS TENANCIES)
700 1# - ADDED ENTRY--PERSONAL NAME
Personal name Sewell, Cronin
942 ## - ADDED ENTRY ELEMENTS (KOHA)
Suppress in OPAC 0
Holdings
Withdrawn status Lost status Source of classification or shelving scheme Damaged status Not for loan Home library Current library Shelving location Date acquired Total Checkouts Full call number Barcode Date last seen Copy number Price effective from Koha item type
    Dewey Decimal Classification     London London Journal article 14/05/2008   L143477 143477-1001 06/08/2019 1 06/08/2019 Journal article